| 000 | 05295nam a2200361 4500 | ||
|---|---|---|---|
| 003 | EC-UNACH | ||
| 005 | 20260313144413.0 | ||
| 006 | s||||gr|||| 00| 00 | ||
| 008 | 150116t9999 mx r gr 000 0 spa d | ||
| 020 | _a978-9942-835-02-4 | ||
| 040 |
_aEC-UNACH _cEC-UNACH |
||
| 041 | _aspa | ||
| 082 | 0 | 4 |
_223 _a343 _bL015083 |
| 100 | _aQuispe Fernández, Gabith/ Arellano Cepeda, Otto/ Negrete Costales, Omar/ Rodríguez, Edgar/ Vélez Hidalgo, Kzandra. | ||
| 245 | _aEvolución histórica de la normativa tributaria en el Ecuador. Análisis del período 1530 a 2015 | ||
| 250 | _aPrimera Edición | ||
| 264 |
_aRiobamba - Ecuador _bUniversidad Nacional de Chimborazo _c2020 |
||
| 264 | _bProducción UNACH | ||
| 300 |
_a440 páginas _b-- _c14,8cm x 21cm |
||
| 500 | _aPresentamos este libro un grupo de investigadores como resultado de la ejecución del proyecto de investigación “La carga tributaria y su efecto en los contribuyentes de la ciudad de Riobamba”, con el objetivo de ofrecer al lector una mirada a las distintas reformas tributarias que experimentó la República del Ecuador, producto de la aplicación de las distintas políticas fiscales. El libro está orientado a profesores, estudiantes y comunidad científica del Ecuador; además de las instituciones públicas vinculadas al diseño de políticas fiscales; a fin de proporcionar una herramienta para el análisis de las reformas tributarias que se dieron desde épocas inmemoriales, desde 1530 hasta el año 2015. Este libro se escribe con la finalidad de responder a una necesidad académica, como la de contar con información histórica confiable, comprensible, sistemática y secuencial sobre los cambios que se dieron en las normas tributarias en los distintos gobiernos de turno en la aplicación de políticas fiscales basados en los modelos de desarrollo. La culminación del libro fue un reto para los autores, ya que implicó su abordaje a partir del análisis y estudio de las normas tributarias, y la incorporación de la experiencia laboral, académica y de investigación; lo que contribuyó al establecimiento de aspectos teóricos y prácticos sobre las reformas tributarias en el Ecuador. | ||
| 505 | _aPREFACIO. INTRODUCCIÓN CAPÍTULO I. ANÁLISIS DE LAS NORMAS TRIBUTARIAS EN AMÉRICA LATINA. 1.1. Antecedentes de las normas tributarias en América Latina. 1.2. El sistema tributario y la estructura tributaria en los países de América Latina. 1.3. Los ingresos tributarios en países de América Latina 1.4. La presión y la carga tributaria en los países de América Latina. 1.5 la evasión tributaria en países de América Latina 1.6. Las reformas tributarias en América Latina. 1.7. Importancia de la información 1.8. Instituciones administradoras de los tributos en países de América Latina CAPÍTULO 2. RESEÑA HISTÓRICA SOBRE LA TRIBUTACIÓN EN ECUADOR. PERIODO TIEMPOS INMEMORIALES HASTA EL AÑO 1960 2.1. Reseña histórica sobre la tributación en la Época Incaica (tiempos inmemoriales hasta 1492) 2.2. Reseña histórica sobre los tributos en la Época Colonial (periodo 1492 a 1830) 2.3. Reseña histórica sobre los tributos en la Época Republicana - Etapa I (1830 a 1900) 2.4. Reseña histórica de los tributos en la Época Republicana - Etapa II (1900 A 1960) CAPITULO 3. EVOLUCION DE LAS NORMAS TRIBUTARIAS. PERIODO 1961 A 1995 3.1. Reforma tributaria Periodo 1960 a 1980 3.2. Reforma tributaria Periodo 1980 a 1995 CAPITULO 4. EVOLUCION DE LA NORMATIVA TRIBUTARIA. PERIODO 1996 A 2007 4.1. Reforma de las normas tributarias durante el gobierno de ABDALÁ BUCARAM (1996-1997) 4.2. Reforma de las normas tributarias durante el gobierno de FABIÁN ALARCÓN (1997-1998) 4.3. Reformas de las normas tributarias durante el gobierno de JAMIL MAHUAD (1998-2000) 4.4. Reforma de las normas tributarias durante el gobierno de GUSTAVO NOBOA (2000-2003) 4.5. Reforma de las normas tributarias durante el gobierno de LUCIO GUTIÉRREZ (2003-2005) 4.6. Reforma de las normas tributarias durante el gobierno de ALFREDO PALACIO (2005-2006) 4.7. Reforma de las normas tributarias durante el gobierno de RAFAEL CORREA (2007). CAPITULO 5. EVOLUCIÒN DE LA NORMATIVA TRIBUTARIA PERIODO 2008 A 2011. 5.1. Reforma de las normas tributarias periodo, 2008. 5.2. Reforma a la normativa tributaria periodo 2009. 5.3. Reforma a la normativa tributaria periodo 2010. CAPITULO 6. EVOLUCIÓN DE LA NORMATIVA PERIODO 2012 – 2015. 6.1. Reforma a la normativa tributaria periodo 2012. 6.2. Reforma a la normativa tributaria en el periodo 2013. 6.3. Reforma a la normativa tributaria durante el periodo 2014. 6.4. Reforma a la normativa tributaria durante el periodo 2015. BIBLIOGRAFÍA | ||
| 650 | _aNormativa tributaria | ||
| 650 | _aReformas tributarias | ||
| 650 | _aPeríodos de Gobierno 1530 - 2015 | ||
| 653 | _aDerecho Tributario | ||
| 856 |
_uhttps://editorial.unach.edu.ec/index.php/Editorial/catalog/book/60 _yLibro Digital - Evolución histórica de la normativa tributaria en el Ecuador. Análisis del período 1530 a 2015 |
||
| 942 |
_2ddc _c1 |
||
| 999 | _c11589 | ||